INSTRUMENTAL METHODS OF ANALYSIS ( WILLARD) (Record no. 269215)

MARC details
000 -LEADER
fixed length control field 00341pam a2200133a 44500
008 - FIXED-LENGTH DATA ELEMENTS--GENERAL INFORMATION
fixed length control field 230405s1986 xxu||||| |||| 00| 0 eng d
041 ## - LANGUAGE CODE
Language code of text/sound track or separate title ENG
100 ## - MAIN ENTRY--PERSONAL NAME
Personal name WILLARD /MERRITT
245 ## - TITLE STATEMENT
Title INSTRUMENTAL METHODS OF ANALYSIS ( WILLARD)
250 ## - EDITION STATEMENT
Edition statement 7
260 ## - PUBLICATION, DISTRIBUTION, ETC.
Place of publication, distribution, etc. NEW YORK
Name of publisher, distributor, etc. JOHN WILLY & SONS NEW YORK
Date of publication, distribution, etc. 1986
300 ## - PHYSICAL DESCRIPTION
Extent 894
906 ## - LOCAL DATA ELEMENT F, LDF (RLIN)
a 3776
Holdings
Withdrawn status Lost status Damaged status Not for loan Collection Home library Current library Date acquired Source of acquisition Cost, normal purchase price Total Checkouts Barcode Date last seen Price effective from Koha item type
          College of Pharmacy, Kolhapur College of Pharmacy, Kolhapur 14/04/2023 BHARATI MADHYVARTI SAHAKARI GRAHAK BHANDAR LTD 356.00   PCK-M-1054 14/04/2023 14/04/2023 Book